00998 2200301 4500001002100000005001500021035002000036007000300056008004100059040002200100082001400122084001600136090002000152090002200172245019200194300004900386650003000435850001200465041000800477110003800485264004100523336002100564337003000585338002300615022001400638999002200652990002200674INLIS00000000084500620200214013510 a0010-0319000529ta190327s2017 yoia g s ind d aYOPDYOGbinderda04223a331.1 a331.1 BAD s aDEP 331.1 BAD s aCB-D.11 2017-31111 aStatistik Ketenagakerjaan Daerah Istimewa Yogyakarta 2016-2017 :bbulan pencacahan: februari 2016, Agustus 2016, Februari 2017 /cBadan Pusat Statistik Provinsi Daerah Istimewa Yogyakarta axi, 26 halaman :bilustrasi, grafik ;c29 cm 4aTenaga Kerja--xStatistik aYOPDYOG0 aind2 aYogyakarta. Badan Pusat Statistik 1aYogyakarta :bBadan Statistik,c2017 2rdacontentateks 2rdamediaatanpa perantara 2rdacarrieravolume a2460-3163 aCB-D.11/2017-3111 aCB-D.11/2017-3111